Normal view
MARC view
Entry Personal Name
001 - CONTROL NUMBER
- control field: 43629
003 - CONTROL NUMBER IDENTIFIER
- control field: OSt
005 - DATE AND TIME OF LATEST TRANSACTION
- control field: 20230524205449.0
008 - FIXED-LENGTH DATA ELEMENTS
- fixed length control field: 230524|| aca||aabn | a|a d
040 ## - CATALOGING SOURCE
- Original cataloging agency: OSt
- Transcribing agency: OSt
100 ## - HEADING--PERSONAL NAME
- Personal name: B.N. Mani Tripathi
670 ## - SOURCE DATA FOUND
- Source citation: Work cat.: (OSt)59298: B.N. Mani Tripathi, Jurisprudence The Legal Theory, 2017
